Normal view MARC view

Entry Nome pessoal

Number of records used in: 2

001 - NÚMERO DE CONTROLE

  • campo de controle: 870

003 - IDENTIFICADOR DO NÚMERO DE CONTROLE

  • campo de controle: OSt

005 - DATA E HORÁRIO DA ÚLTIMA TRANSAÇÃO

  • campo de controle: 20250415152015.0

008 - CAMPO DE DADOS FIXOS

  • campo de controle de tamanho fixo: 250415|| aca||aabn | a|a d

040 ## - FONTE DA CATALOGAÇÃO

  • Instituição da catalogação original: OSt

100 ## - CABEÇALHO--NOME PESSOAL

  • Nome pessoal: Alexandre Boiade
  • Títulos e outras palavras associadas a um nome: TRADUTOR

Powered by Koha